000 00368 a2200169 4500
001 182944
020 _a978-85-01-06265-9
040 _cMagnum
100 _aAndrade, Carlos Drummond de
240 1 0 _aContos de aprendiz
_lpor
245 1 0 _aContos de aprendiz
300 _a189
362 0 _a2009
440 1 _aRecord
697 _aLITERATURA GERAL
942 _cBK
999 _c182944
_d182944